State Shapes in the US Map #2 - Statistics

General Stats
  • This quiz has been taken 301 times
  • The average score is 10 of 10
Answers on the Map
Answers color-coded by a green-red scale on the quiz's map according to % correct below.
 
Answer Stats
State % Correct
California
100%
Washington
99%
New Mexico
98%
South Carolina
97%
Mississippi
96%
Rhode Island
96%
Wyoming
95%
Pennsylvania
94%
Kentucky
93%
New Hampshire
93%
No matching quizzes found
Score Distribution
Percent of People with Each Score
Percentile by Number Answered
Your Score History
You have not taken this quiz